Biggest Cities in Eastern Europe - Statistics

General Stats
  • This quiz has been taken 812 times
  • The average score is 27 of 50
Answer Stats
Rank Country Pop City % Correct
1 Russia 12,179,144 Moscow
100%
3 Ukraine 2,906,569 Kiev
98%
2 Russia 5,225,960 St. Petersburg
98%
6 Hungary 1,759,407 Budapest
96%
4 Belarus 1,974,819 Minsk
96%
7 Poland 1,744,351 Warsaw
96%
5 Romania 1,883,425 Bucharest
95%
10 Czechia 1,267,449 Prague
94%
12 Bulgaria 1,231,981 Sofia
90%
26 Poland 761,069 Krakow
86%
21 Ukraine 1,010,848 Odessa
79%
41 Moldova 532,513 Chișinău
78%
49 Poland 462,249 Gdańsk
77%
8 Ukraine 1,449,732 Kharkiv
76%
23 Ukraine 929,063 Donetsk
73%
28 Ukraine 728,350 Lviv
72%
11 Russia 1,266,781 Nizhny Novgorod
70%
30 Poland 700,982 Lodz
69%
20 Russia 1,016,137 Volgograd
68%
9 Russia 1,444,439 Yekaterinburg
67%
13 Russia 1,216,965 Kazan
66%
16 Russia 1,119,875 Rostov-on-Don
64%
15 Russia 1,170,910 Samara
60%
33 Poland 635,789 Wroclaw
60%
22 Ukraine 983,836 Dnipro
59%
17 Russia 1,110,976 Ufa
57%
38 Poland 542,348 Poznań
55%
24 Russia 853,848 Krasnodar
51%
18 Russia 1,041,876 Perm
51%
14 Russia 1,191,994 Chelyabinsk
44%
39 Belarus 535,229 Gomel
40%
25 Russia 843,460 Saratov
40%
19 Russia 1,032,382 Voronezh
40%
50 Russia 459,560 Kaliningrad
29%
27 Ukraine 756,927 Zaporizhia
29%
29 Russia 712,619 Tolyatti
27%
42 Russia 531,719 Astrakhan
26%
35 Russia 606,703 Yaroslavl
26%
48 Russia 485,930 Tula
25%
37 Russia 562,569 Orenburg
24%
34 Russia 621,514 Ulyanovsk
21%
47 Ukraine 493,583 Mykolaiv
20%
31 Russia 643,496 Izhevsk
19%
36 Russia 587,876 Makhachkala
19%
40 Russia 534,762 Ryazan
18%
46 Russia 496,986 Kirov
17%
32 Ukraine 642,333 Kryvyi Rih
16%
45 Russia 510,020 Lipetsk
16%
44 Russia 524,632 Penza
16%
43 Russia 526,750 Naberezhnye Chelny
9%
No matching quizzes found
Score Distribution
Percent of People with Each Score
Percentile by Number Answered
Your Score History
You have not taken this quiz